| 000 | 00856cab a2200253 4500 | ||
|---|---|---|---|
| 001 | ABS58246 | ||
| 008 | 090401t1998 xxu||||| |||| 00| 0 eng d | ||
| 035 | _a(Sirsi) u84372 | ||
| 041 | _aeng | ||
| 100 | _aStacey, M. | ||
| 245 | _a`Pay when paid` clauses and the Construction Act 1996 | ||
| 260 | _c1998 | ||
| 350 | _a0 | ||
| 490 |
_aASI Journal _v9(5) January 1998, 34(1) |
||
| 520 | _aExamines `pay when paid` clauses in construction contracts as addressed by the Construction Act 1996. | ||
| 650 | _aHOUSING GRANTS, CONSTRUCTION AND REGENERATION ACT 1996 | ||
| 650 | _aBUILT ENVIRONMENT-BUILDING CONTRACT FORMS | ||
| 650 | _aCONTRACTORS | ||
| 650 | _aHOUSING GRANTS CONSTRUCTION AND REGENERATION ACT 1996 | ||
| 650 | _aPAY WHEN PAID CLAUSES | ||
| 690 | _aBUILT ENVIRONMENT-BUILDING CONTRACT FORMS | ||
| 942 | _n0 | ||
| 948 | _c20/02/1998 | ||
| 999 |
_c53024 _d53024 |
||